000 00883nam a22002777a 4500
001 BR8804272
003 BR-BrBNA
005 20230928092954.0
007 ta
008 230509b bl.||||| |||| 00| 0 por d
040 _aBR-BrBNA
_bpor
_cBiblioteca Nacional de Agricultura
041 _a(Por)
072 _aH20
_b4120
090 _ 4120 BR8804272
100 1 _aRodrigues, E.C.
110 1 _aEscola Superior de Agricultura Luiz de Queiroz, Piracicaba, SP (Brasil)
_0Tese (Mestre e Agronomia)
245 1 _aCaracterizacao citogenetica e bioquimica do fungo celulolitico Humicola sp.
260 3 _aPiracicaba, SP (Brasil):
_c1987.
300 _a171 p.
500 _a12 illus.; 15 tables; Bibliography p. 127-152 (196 ref.); Summaries (Eng, Por)
650 _aFUNGO
650 _aCELULOSE
650 _aCITOGENETICA
909 _a202309
_bLucia
_c55
_dLucia Elande
942 _cBK
999 _c42294
_d42294